| 000 | 00480nam a22001577a 4500 | ||
|---|---|---|---|
| 003 | macl | ||
| 005 | 20240517133054.0 | ||
| 008 | 240517b |||||||| |||| 00| 0 eng d | ||
| 040 | _cmacl | ||
| 082 | _a800 | ||
| 100 |
_aArihant pub. _966893 |
||
| 245 | _aUGC नेट जेआरएफ सेट पेपर 2 | ||
| 260 |
_aमेरठ _bअरिहन्त प्रकाशन |
||
| 650 |
_aहिन्दी साहित्य _936757 |
||
| 942 |
_2ddc _cHIN |
||
| 999 |
_c66840 _d66840 |
||